La photographie astronomique à l'Observatoire de Paris et la Carte du Ciel / (Record no. 183541)

MARC details
000 -LEADER
campo de control de longitud fija 00602nam a2200169 i 4500
001 - NÚMERO DE CONTROL
campo de control 183541
003 - IDENTIFICADOR DE NÚMERO DE CONTROL
campo de control ES-MaACL
005 - FECHA Y HORA DE LA ÚLTIMA TRANSACCIÓN
campo de control 20250819063112.0
008 - DATOS DE LONGITUD FIJA--INFORMACIÓN GENERAL
campo de control de longitud fija 140717s1887 fr |||| | fre d
100 1# - ENTRADA PRINCIPAL--NOMBRE DE PERSONA
Nombre de persona Mouchez, Ernest,
Fechas asociadas al nombre 1821-1892
9 (RLIN) 154992
245 13 - MENCIÓN DEL TÍTULO
Título La photographie astronomique à l'Observatoire de Paris et la Carte du Ciel /
Mención de responsabilidad, etc. par M. le contre-amiral E. Mouchez.
260 ## - PUBLICACIÓN, DISTRIBUCIÓN, ETC.
Lugar de publicación, distribución, etc. Paris :
Nombre del editor, distribuidor, etc. Gauthier-Villars,
Fecha de publicación, distribución, etc. 1887.
300 ## - DESCRIPCIÓN FÍSICA
Extensión 107 p.,7 h. de fot. :
Otras características físicas il. ;
Dimensiones 20 cm.
650 07 - PUNTO DE ACCESO ADICIONAL DE MATERIA--TÉRMINO DE MATERIA
Término de materia o nombre geográfico como elemento de entrada Fotografía astronómica
Fuente del encabezamiento o término embne
9 (RLIN) 12961
852 ## - LOCALIZACIÓN
Ubicación ES-MaACL
Número de control de estantería T-595-F-1
Holdings
Estatus retirado Estado de pérdida Estado de daño No para préstamo Colección Biblioteca de origen Biblioteca actual Ubicación en estantería Fecha de adquisición Fuente de adquisición Total de préstamos Signatura topográfica completa Código de barras Visto por última vez Precio de reemplazo Tipo de ítem Koha
        Colección de folletos Biblioteca del Ateneo de Madrid Biblioteca del Ateneo de Madrid Depósito folletos 17/07/2014     T-595-F-1 1192919 23/02/2023 23/02/2023 Folleto